Detalles MARC
| 000 -CABECERA |
| campo de control de longitud fija |
03112nam a2200301 i 4500 |
| 001 - NÚMERO DE CONTROL |
| campo de control |
18316 |
| 003 - IDENTIFICADOR DEL NÚMERO DE CONTROL |
| campo de control |
DO-SdUEMH |
| 005 - FECHA Y HORA DE LA ÚLTIMA TRANSACCIÓN |
| campo de control |
20260112162114.0 |
| 007 - CAMPO FIJO DE DESCRIPCIÓN FÍSICA--INFORMACIÓN GENERAL |
| campo de control de longitud fija |
ta |
| 008 - DATOS DE LONGITUD FIJA--INFORMACIÓN GENERAL |
| campo de control de longitud fija |
260112b2014 dr a|||gr|||| 00| 0 spa d |
| 020 ## - NÚMERO INTERNACIONAL ESTÁNDAR DEL LIBRO |
| Número Internacional Estándar del Libro |
9789945443622 (serie) |
| 020 ## - NÚMERO INTERNACIONAL ESTÁNDAR DEL LIBRO |
| Número Internacional Estándar del Libro |
9789945582062 (v. 200) |
| 040 ## - FUENTE DE LA CATALOGACIÓN |
| Centro catalogador/agencia de origen |
DO-SdUEMH |
| Lengua de catalogación |
spa |
| Normas de descripción |
rda |
| 041 ## - CÓDIGO DE LENGUA |
| Código de lengua del texto/banda sonora o título independiente |
spa |
| 082 14 - NÚMERO DE LA CLASIFICACIÓN DECIMAL DEWEY |
| Colección |
Colección Dominicana |
| Número de documento/Ítem |
V145c |
| 100 ## - ENTRADA PRINCIPAL--NOMBRE DE PERSONA |
| Término indicativo de función/relación |
autor |
| 245 30 - MENCIÓN DE TÍTULO |
| Título |
La cultura en el Banco Central : discursos 2012-2014 / |
| Mención de responsabilidad, etc. |
Héctor Valdez Albizu |
| 264 01 - PRODUCCIÓN, PUBLICACIÓN, DISTRIBUCIÓN, FABRICACIÓN Y COPYRIGHT |
| Lugar de producción, publicación, distribución, fabricación |
Santo Domingo, República Dominicana |
| Nombre del de productor, editor, distribuidor, fabricante |
Banco Central de la República Dominicana, |
| Fecha de producción, publicación, distribución, fabricación o copyright |
2014 |
| 264 #4 - PRODUCCIÓN, PUBLICACIÓN, DISTRIBUCIÓN, FABRICACIÓN Y COPYRIGHT |
| Fecha de producción, publicación, distribución, fabricación o copyright |
©2014 |
| 300 ## - DESCRIPCIÓN FÍSICA |
| Extensión |
132 paginas : |
| Otras características físicas |
ilustraciones ; |
| Dimensiones |
23 cm. |
| 336 ## - TIPO DE CONTENIDO |
| Fuente |
rdacontent |
| Término de tipo de contenido |
texto |
| Código de tipo de contenido |
txt |
| 337 ## - TIPO DE MEDIO |
| Fuente |
rdamedia |
| Nombre del tipo de medio |
sin mediación |
| Código del tipo de medio |
n |
| 338 ## - TIPO DE SOPORTE |
| Fuente |
rdacarrier |
| Nombre del tipo de soporte |
volumen |
| Código del tipo de soporte |
nc |
| 490 ## - MENCIÓN DE SERIE |
| Mención de serie |
Colección del Banco Central de la República Dominicana ; |
| Designación de volumen o secuencia |
200 |
| 490 ## - MENCIÓN DE SERIE |
| Mención de serie |
Serie Arte y Literatura ; |
| Designación de volumen o secuencia |
68 |
| 505 #1 - NOTA DE CONTENIDO CON FORMATO |
| Nota de contenido con formato |
Presentación -- Exposición La medallística en la República Dominicana, celebrada en el Museo Numismático y Filatélico -- Puesta en circulación de los libros: La cultura en el Banco Central. Discursos 2008-2011; Onirias; Carolina; y Mar de recuerdos -- Participación en la Feria Internacional del Libro Santo Domingo -- Recital de Pura Tayson en la Biblioteca Juan Pablo Duarte -- Puesta en circulación de los libros: Duarte revisitado (1813-2013); Evolución cultural dominicana 1844-1899; La compleja existencia de la tecnología; y Bibliografía económica dominicana 2009-2010 -- Puesta en circulación de los libros: Macroeconomía aplicada. Economía política de las reformas en República Dominicana; y La obra del Dr. José Luis Alemán, S. A. Revisión y análisis de su pensamiento económico (1968-2007) -- Entrega de premios del Concurso de Economía Biblioteca Juan Pablo Duarte y puesta en circulación del libro Nueva literatura económica dominicana -- Entrega de premios del Concurso de Arte y Literatura Bancentral y puesta en circulación del libro Obras premiadas -- Exposición conmemorativa del bicentenario del natalicio de Juan Pablo Duarte (1813-2013) -- Participación en la Feria Internacional del Libro Santo Domingo -- Puesta en circulación de los libros: Polvo eres; El imperio de la intuición; y En torno a la literatura dominicana -- Exposición con motivo del sesquicentenario de la Guerra de la Restauración, en honor a los héroes de la gesta libertaria -- Puesta en circulación de los libros: El último monumento; y Bibliografía económica dominicana 2010-2011 -- Entrega de premios del Concurso de Economía Biblioteca Juan Pablo Duarte y puesta en circulación del libro Nueva literatura económica dominicana -- Entrega de premios del Concurso de Arte y Literatura Bancentral y puesta en circulación del libro Obras premiadas -- Coloquio en homenaje a la pianista Aída Bonelly de Díaz -- Ofrenda floral en el Altar de la Patria -- Exposición conmemorativa del ciento cincuenta aniversario de la muerte del patricio Matías Ramón Mella, homenaje a Mella -- Colección del Banco Central de la República Dominicana. |
| 942 ## - ELEMENTOS DE PUNTO DE ACCESO ADICIONAL (KOHA) |
| Fuente del sistema de clasificación o colocación |
Dewey Decimal Classification |
| Suprimir en OPAC |
No |
| Tipo de ítem Koha |
Libro |